| 000 | 00766nam a2200217 u 4500 | ||
|---|---|---|---|
| 005 | 20230526063550.0 | ||
| 008 | 130827s2009 r 000 0 eng d | ||
| 020 | _a9788497044622 | ||
| 035 | _aUPN01000192483 | ||
| 049 | _aCG | ||
| 050 | 4 |
_aZA4080 _bT4.6 |
|
| 245 | 0 | 0 |
_aTeoría y literatura artística en la sociedad digital : _bconstrucción y aplicabilidad de colecciones textuales informatizadas / _cdir. Nuria Rodríguez Ortega. |
| 260 |
_aAsturias, Esp. : _bTrea, _c2009. |
||
| 300 |
_a430 p. : _bfígs., tablas |
||
| 440 | 0 |
_aBiblioteconomía y administración cultural ; _v208 |
|
| 650 | 2 |
_aBibliotecas digitales _9296 |
|
| 650 | 4 |
_aSociedad de la información _94894 |
|
| 700 | 1 |
_aRodríguez Ortega, Nuria, _edir. |
|
| 905 | _aLibro | ||
| 999 |
_c164585 _d164585 |
||